Online
Catalog

Cocine a gusto : (Record no. 11648)

MARC details
000 -CABECERA
campo de control de longitud fija 00915cam a2200241 a 4500
001 - NÚMERO DE CONTROL
campo de control 000011979
005 - FECHA Y HORA DE LA ÚLTIMA TRANSACCIÓN
campo de control 20240516195916.0
008 - DATOS DE LONGITUD FIJA--INFORMACIÓN GENERAL
campo de control de longitud fija 781107s1992 pr 000 0 spa
040 ## - FUENTE DE LA CATALOGACIÓN
Centro catalogador/agencia de origen DO-SdBNP
Lengua de catalogación spa
Centro/agencia modificador BNPHU
082 ## - NÚMERO DE LA CLASIFICACIÓN DECIMAL DEWEY
Número de clasificación 641.5
Número de documento/Ítem C112c
100 1# - ENTRADA PRINCIPAL--NOMBRE DE PERSONA
Nombre de persona Cabanillas de Rodriguez, Berta,
Fechas asociadas al nombre 1894-
9 (RLIN) 28321
245 10 - MENCIÓN DE TÍTULO
Título Cocine a gusto :
Resto del título Berta Cabanillas, Carmen Ginorio y Carmen Quiros de Mercado.
260 ## - PUBLICACIÓN, DISTRIBUCIÓN, ETC.
Lugar de publicación, distribución, etc. Río Piedras, Puerto Rico :
Nombre del editor, distribuidor, etc. Universidad de Puerto Rico ;
-- Universitaria,
Fecha de publicación, distribución, etc. 1992.
300 ## - DESCRIPCIÓN FÍSICA
Extensión xvi, 326 p. ;
Dimensiones 23 cm.
500 ## - NOTA GENERAL
Nota general La biblioteca posee la reimpresión 1992
500 ## - NOTA GENERAL
Nota general Incluye referencias bibliográficas y notas al pie de las páginas
590 ## - NOTA LOCAL (RLIN)
Nota local Inventariado,2018/DG
650 #4 - PUNTO DE ACCESO ADICIONAL DE MATERIA--TÉRMINO DE MATERIA
Término de materia o nombre geográfico como elemento de entrada Cocina puertorriqueña.
9 (RLIN) 27687
650 #0 - PUNTO DE ACCESO ADICIONAL DE MATERIA--TÉRMINO DE MATERIA
Término de materia o nombre geográfico como elemento de entrada Gastronomía
9 (RLIN) 362
650 #4 - PUNTO DE ACCESO ADICIONAL DE MATERIA--TÉRMINO DE MATERIA
Término de materia o nombre geográfico como elemento de entrada Cocina
Subdivisión de forma FÓRMULAS Y RECETAS
9 (RLIN) 28322
700 1# - PUNTO DE ACCESO ADICIONAL--NOMBRE DE PERSONA
Nombre de persona Ginorio, Carmen
9 (RLIN) 28323
700 1# - PUNTO DE ACCESO ADICIONAL--NOMBRE DE PERSONA
Nombre de persona Mercado, Carmen Quiros de,
9 (RLIN) 28324
Holdings
Estado de retiro Estado de pérdida Restricciones de uso No para préstamo Código de colección Localización permanente Ubicación/localización actual Ubicación en estantería Fecha de adquisición Número de inventario Total de préstamos Signatura topográfica completa Código de barras Fecha visto por última vez Precio válido a partir de Tipo de ítem Koha Número de copia
      Excluido de préstamo Monografías: Libros y Folletos General General Depósito 02.11.2009 LF1   641.5 C112c 11979-10 25.06.2020 25.06.2020 No se presta  
  Extraviado   Excluido de préstamo Monografías: Libros y Folletos General General Extraviado 02.11.2009 LF1   641.5 C112c 11979-20 25.06.2020 25.06.2020 No se presta e. 2
  Extraviado     Monografías: Libros y Folletos General General Extraviado 02.06.2017 LF1   641.5 C112c 11979-30 25.06.2020 25.06.2020 Préstamo en sala e. 3

Powered by Koha